Statistiques concernant Pays par première et dernière lettre

Cliquez ici pour prendre le quiz!

Statistiques générales

  • Ce quiz a été pris 123 fois
  • Le résultat moyen est 19 sur 28

Statistiques - réponses

Première lettre Dernière Lettre Pays % Correct
DKDanemark
94%
IKIrak
90%
VUVanuatu
87%
YNYémen
87%
MCMaroc
83%
KTKoweït
81%
TUTuvalu
78%
PAPanama
77%
KOKosovo
76%
VMViêt Nam
76%
BLBrésil
75%
ILIsraël
73%
LOLesotho
73%
FIFidji
72%
NUNauru
71%
KAKenya
67%
PUPérou
67%
NRNiger
65%
ÎLÎles Marshall
59%
TDTchad
55%
CNCameroun
53%
TATonga
52%
LGLuxembourg
51%
BHBangladesh
50%
GUGuinée-Bissau
43%
RIRoyaume-Uni
37%
BOBurkina Faso
35%
CTCap-Vert
19%

Distribution des résultats

Percentile by Number Answered

% des personnes avec chaque résultat

Votre développement - résultats

Vous n’avez pas pris ce quiz